000 00569nam a2200133Ia 4500
003 GCL
008 140319s9999 xx 000 0 ara d
040 _aGCL /
_cGCL
082 0 4 _a214
_bم ا
100 1 _aالمنظمةالاسلاميةللتربيةوالعلوم
245 1 0 _aالاسلام اليوم: مجلة دورية تصدرها المنظمة الاسلامية للتربية والعلوم الثقافية /
_cالمنظمةالاسلاميةللتربيةوالعلوم
300 _a424 ص
490 _aالهيئة العامة للاستعلامات
_v0
999 _c47568
_d47568